Britcom - Statistics

General Stats
  • This quiz has been taken 641 times
  • The average score is 12 of 20
Answer Stats
Character Britcom % Correct
Basil Fawlty Fawlty Towers
95%
Del Boy Only Fools and Horses
90%
David Brent The Office
85%
Hyacinth Bucket Keeping Up Appearances
79%
Captain George Mainwaring Dad's Army
76%
Gavin 'Gav' Shipman Gavin & Stacey
73%
Geraldine Granger The Vicar of Dibley
73%
Mrs. Betty Slocombe Are You Being Served?
72%
Norman Stanley Fletcher Porridge
71%
René Artois 'Allo 'Allo
70%
Lee Mack Not Going Out
65%
Ted Crilly Father Ted
62%
Ben Harper My Family
60%
Rupert Rigsby Rising Damp
57%
Audrey fforbes-Hamilton To The Manor Born
55%
James "Jim" Hacker Yes Minister
48%
Pete Brockman Outnumbered
29%
Roy Trenneman The IT Crowd
20%
Steve Taylor Coupling
6%
Jeremy Brown Mind Your Language
4%
No matching quizzes found
Score Distribution
Percent of People with Each Score
Percentile by Number Answered
Your Score History
You have not taken this quiz